| 000 | 00370nam a2200157Ia 4500 | ||
|---|---|---|---|
| 008 | 230312s9999||||xx |||||||||||||| ||und|| | ||
| 020 | _a9788120334113 | ||
| 082 |
_a621.382 _bCOU-D |
||
| 100 | _aCouch, Leon W. | ||
| 245 | 0 | _aDigital and Analog Communication Systems | |
| 260 |
_bPHI _aIndia |
||
| 300 | _a752 | ||
| 546 | _aEng. | ||
| 650 | _aEngineering | ||
| 942 | _cBK | ||
| 999 |
_c4045 _d4045 |
||